000 00986nam a2200277 4500
001 0000020802
003 CO-CtgCURN
005 20250429224003.0
008 160627s1999 000 0 eng d
020 _a9586760790
040 _aCO-CtgCURN
_bspa
_ccoctgcurn
082 0 _a364.3
_bL85c
100 1 _aLuna Cabrera, Julio Eduardo.
245 1 4 _aLos celos y sus implicaciones juridicas /
_cJulio Eduardo Luna Cabrera.
260 _aBogotá :
_bEdiciones Doctrina y Ley,
_c1999.
300 _axi, 254 p.
336 _2rdacontent
337 _2rdamedia
_asin mediacion
_bn
338 _2rdacarrier
_avolumen
_bnc
504 _aBibliografia (p. 251-254)
505 8 _aEsencia de los celos.--Clasificacion y graduacion de los celos.--Celotipia y criminalidad.--Los celos como fuente de delito pasional y su punibilidad
650 0 _aCelos.
908 _a160627
942 _cBK
_h364.3
_iL85c
_2ddc
999 _c34413
_d34413
_x1